| 000 | 00931nam a2200217Ia 4500 | ||
|---|---|---|---|
| 001 | 9135 | ||
| 003 | GE_BSU | ||
| 008 | 181216s||||||||xx |||||||||||||| ||und|| | ||
| 040 | _cGE_BSU | ||
| 080 | _a821.353.1-32 | ||
| 100 | _aლომოური,ნიკო | ||
| 245 | _aთხზულებანი ერთ ტომად | ||
| 245 | _bმოთხრობები | ||
| 245 | _cშეადგინა,წინასიტყვ.და შენიშვნები დაურთო იოსებ ბოცვაძემ;სარედ:კოლ:რევაზ ინანიშვილი და სხვ.რედ:მ.ზუბადალაშვილი;მხატვ:გ.გორდელაძე | ||
| 260 | _aთბილისი. | ||
| 260 | _bნაკადული. | ||
| 260 | _c1971. | ||
| 300 | _a192გვ;21სმ. | ||
| 653 | _aმოთხრობები | ||
| 942 | _cBK | ||
| 999 |
_c42439 _d42439 |
||